000 00732nam a2200253Ia 4500
003 OSt
005 20220927110310.0
006 a|||||r|||| 00| 0
007 ta
008 220926b |||||||| |||| 00| 0 eng d
024 _a92165
037 _cReference Collections
040 _aRTL
_cRTL
_beng
041 _2eng
_aeng
082 _a"X9(J)p1-3, GD"
110 _aImperical Agricultural Research Conference
_9376131
245 0 _aReport and summary proceedings
260 _aLondon
_bH M S O
_c1927
300 _a249p.
_ccm.
650 _aAgricultural Industry
700 _aImperical Agricultural Research Conference
_9376132
942 _h"X9(J)p1-3, GD"
_cCC
999 _c695536
_d695536